Catálogo
 En Linea

Ferme la nuit. (Registro nro. 19433)

Detalles MARC
000 -CABECERA
campo de control de longitud fija 00537cam a22001691 4500
001 - NÚMERO DE CONTROL
campo de control 000019920
005 - FECHA Y HORA DE LA ÚLTIMA TRANSACCIÓN
campo de control 20200929170206.0
008 - DATOS DE LONGITUD FIJA--INFORMACIÓN GENERAL
campo de control de longitud fija 750918s1923 fr 000 1 fre
010 ## - NÚMERO DE CONTROL DE LA BIBLIOTECA DEL CONGRESO
Número de control de LC 23009072
040 ## - FUENTE DE LA CATALOGACIÓN
Centro catalogador/agencia de origen DO-SdBNP
Lengua de catalogación spa
Centro/agencia transcriptor BNPHU
082 ## - NÚMERO DE LA CLASIFICACIÓN DECIMAL DEWEY
Número de clasificación xxxx
Número de documento/Ítem M829f
100 1# - ENTRADA PRINCIPAL--NOMBRE DE PERSONA
Nombre de persona Morand, Paul,
Fechas asociadas al nombre 1888-1976
9 (RLIN) 42483
245 10 - MENCIÓN DE TÍTULO
Título Ferme la nuit.
260 ## - PUBLICACIÓN, DISTRIBUCIÓN, ETC.
Lugar de publicación, distribución, etc. Paris :
Nombre del editor, distribuidor, etc. Nouvelle revue francaise,
Fecha de publicación, distribución, etc. 1923.
300 ## - DESCRIPCIÓN FÍSICA
Extensión 207 p. ;
Dimensiones 19 cm.
505 0# - NOTA DE CONTENIDO CON FORMATO
Título La nuit de Portofino Kulm--
-- La nuit de Charlottenburg --
-- La nuit de Babylone --
-- La nuit de Putney.
Existencias
Estado de retiro Estado de pérdida Restricciones de uso No para préstamo Código de colección Localización permanente Ubicación/localización actual Ubicación en estantería Fecha de adquisición Número de inventario Total de préstamos Signatura topográfica completa Código de barras Fecha visto por última vez Precio válido a partir de Tipo de ítem Koha
      Excluido de préstamo Monografías: Libros y Folletos General General En catalogación 09.07.2010 LF1   xxxx M829f 19920-10 25.06.2020 25.06.2020 No se presta

Con tecnología Koha